Vocabulario de ocupaciones

保存先:
書誌詳細
団体著者: Ministerio de Trabajo. Dirección General de Empleo (著者)
フォーマット: 図書
言語:スペイン語
出版事項: Madrid Publicaciones Españolas 1963
主題:
タグ: タグ追加
タグなし, このレコードへの初めてのタグを付けませんか!

MARC

LEADER 00000nam a2200000 a 4500
001 UCT3258
003 CL-VaPUC
008 961018e19631000SP |||||||||||||||||spa|d
082 0 4 |a 305.562  |b MIN  |2 21 
110 2 |a Ministerio de Trabajo. Dirección General de Empleo  |e author  |9 372180 
245 1 0 |a Vocabulario de ocupaciones 
300 |a 678 p 
942 |c BK 
945 |d 19961018 00:00:00  |a paguirre 
260 |a Madrid  |b Publicaciones Españolas  |c 1963 
650 0 |a Diccionarios  |9 256200 
650 0 |a Vocabularios  |9 316229 
650 7 |a PEROSNAL  |2 CL-VaPUC  |9 372181 
650 7 |a OCUPACIONES  |2 CL-VaPUC  |9 340942 
650 7 |a PROFESIONES  |2 CL-VaPUC  |9 308231 
650 0 |a Trabajo  |9 313876 
650 7 |a SECTORES DE ACTIVIDAD  |2 CL-VaPUC  |9 359062 
583 |a last modification  |c 19961018 00:00:00  |k Rodrigo Vera 
999 |c 252977  |d 252975